LEADER 01231nam a2200265 i 4500 001 000000153000 003 CaOOAMICUS 005 20100520000000.0 008 100520s1974 xxk u000 u eng u 013 $a130341 020 $a0-19-920056-4 040 $aSeMil$bita 245 10$aAftermaths, January 1872 to December 1873 /$cedited at the Birmingham Oratory with notes and an introduction by Charles Stephen Dessain and Thomas Gornall. 260 $aOxford :$bClarendon Press,$c1974. 300 $aXVIII, 437 p. ;$c25 cm. 700 1 $aBirmingham Oratory.$0(OLS)http://semarc/name/1502 700 1 $aGornall, Thomas .$0(OLS)http://semarc/name/1504 700 1 $aDessain, Charles Stephen <1907-1976>.$0(OLS)http://semarc/name/59923 773 0 $tLetters and diaries of John Henry Newman.$dOxford : Clarendon Press, 1962.$gVol.26$w()1655 850 $aSeMil 852 $aSeMil$W1$xVenegono$y1$m2X V 236$j104944$B104944$CSeMilBibl$Z2$F114205 $81 961 $aAcquisto: Casa editrice 996 $6020$a0-19-920056-4$9(OLS)http://semarc/number/142768 996 $6245$aAftermaths, January 1872 to December 1873$9(OLS)http://semarc/title/223797 996 $6260$aOxford :$bClarendon Press$9(OLS)http://semarc/publisher/30012 LEADER 00981nam a2200253 i 4500 001 000000122269 003 CaOOAMICUS 005 20241203144304.0 008 040128s1967 it u000 u ita u 013 $a94964 040 $aSeMil$bita 100 1 $aGreen, Julien,$d<1900-1998>.$0(OLS)http://semarc/name/8849 240 10$aMont-Cinère.$0(OLS)http://semarc/title/180180 245 10$aMont-Cinère /$cJulien Green ; Traduzione di Marco Forti. 260 $aMilano :$bMondadori,$c1967. 300 $a276 p. ;$c19 cm. 700 1 $aForti, Marco,$d<1925-2019>.$0(OLS)http://semarc/name/13210 830 0$aOscar ;$v92.$0(OLS)http://semarc/title/8669 850 $aSeMil 852 $aSeMil$W1$xVenegono$y1$m1V IV 37/A$j77268$B77268$CSeMilBibl$Z2$F78969 $81 961 $aRecupero: Seminario di Seveso 996 $6245$aMont-Cinère$9(OLS)http://semarc/title/180181 996 $6260$aMilano :$bMondadori$9(OLS)http://semarc/publisher/30335